[Event "Karl Mala Memorial op-A 16th"]
[Site "Frankfurt"]
[Date "2013.07.14"]
[Round "6"]
[White "Nikula, Mikko"]
[Black "Kammerer, Peter"]
[Result "1-0"]
[WhiteElo "1783"]
[BlackElo "1930"]
[PlyCount "103"]
[EventDate "2013.07.11"]
[EventType "swiss"]
[EventRounds "7"]
[EventCountry "GER"]
[SourceTitle "EXT 2014"]
[Source "ChessBase"]
[SourceDate "2013.11.20"]
[SourceVersion "1"]
[SourceVersionDate "2013.11.20"]
[SourceQuality "1"]

1. e4 c6 2. b3 d5 3. Bb2 d4 4. f4 c5 5. Nf3 Nc6 6. Bc4 Nf6 7. Qe2 a6 8. a4 Bg4 9. h3 Bxf3 10. Qxf3 e6 11. 0-0 Rb8 12. e5 Nd5 13. Bxd5 Qxd5 14. Qxd5 exd5 15. d3 Kd7 16. c3 dxc3 17. Bxc3 d4 18. Bd2 b5 19. a5 b4 20. Rc1 Rb5 21. Be1 Be7 22. Nd2 Nxa5 23. Ra2 Bd8 24. Rb1 h5 25. Nc4 Nxc4 26. dxc4 Rb6 27. Rba1 Rhh6 28. f5 Rhc6 29. g4 hxg4 30. hxg4 Bg5 31. Bg3 Kc8 32. Kg2 Kb7 33. Rh1 Rh6 34. Rha1 Rh8 35. Re2 Rd8 36. Re4 d3 37. Bf4 d2 38. Bxg5 d1Q 39. Rxd1 Rxd1 40. e6 fxe6 41. fxe6 Rxe6 42. Rxe6 Rd3 43. Re3 Rd7 44. Kf3 a5 45. Be7 a4 46. bxa4 Rd4 47. Bxc5 Rxc4 48. Bf8 g6 49. Rb3 Rc3+ 50. Rxc3 bxc3 51. Ke3 Kb6 52. Bb4 1-0

[Event "Karl Mala Memorial op-A 16th"]
[Site "Frankfurt"]
[Date "2013.07.12"]
[Round "3"]
[White "Kammerer, Peter"]
[Black "Seidel, Juergen"]
[Result "1/2-1/2"]
[WhiteElo "1930"]
[BlackElo "2072"]
[PlyCount "65"]
[EventDate "2013.07.11"]
[EventType "swiss"]
[EventRounds "7"]
[EventCountry "GER"]
[SourceTitle "EXT 2014"]
[Source "ChessBase"]
[SourceDate "2013.11.20"]
[SourceVersion "1"]
[SourceVersionDate "2013.11.20"]
[SourceQuality "1"]

1. d4 Nf6 2. c4 d6 3. Nf3 Nbd7 4. Nc3 e5 5. Bg5 Be7 6. e4 c6 7. Bxf6 Bxf6 8. dxe5 dxe5 9. Be2 0-0 10. 0-0 Qc7 11. Qc2 Nc5 12. Rfd1 Ne6 13. Bf1 Nd4 14. Nxd4 exd4 15. Ne2 c5 16. f4 g6 17. e5 Bg7 18. Ng3 f6 19. f5 gxf5 20. Bd3 fxe5 21. Nxf5 Be6 22. Rf1 Rad8 23. Rf3 Rd7 24. Raf1 Kh8 25. Qf2 Bg8 26. Qh4 Qd8 27. Qe4 Re8 28. Rh3 Re6 29. Ne7 Bh6 30. Nf5 Bf8 31. Nh4 Bh6 32. Nf5 Bf8 33. Nh4 1/2-1/2

[Event "Karl Mala Memorial op 15th"]
[Site "Frankfurt"]
[Date "2012.07.08"]
[Round "6"]
[White "Pollmann, Sascha"]
[Black "Kammerer, Peter"]
[Result "1-0"]
[WhiteElo "2082"]
[BlackElo "1933"]
[PlyCount "69"]
[EventDate "2012.07.05"]
[EventType "swiss"]
[EventRounds "7"]
[EventCountry "GER"]
[SourceTitle "CBM 149 Extra"]
[Source "ChessBase"]
[SourceDate "2012.08.24"]
[SourceVersion "1"]
[SourceVersionDate "2012.08.24"]
[SourceQuality "1"]

1. Nf3 d5 2. g3 Nf6 3. Bg2 Nc6 4. 0-0 e5 5. d3 Bd6 6. c3 h6 7. Qc2 0-0 8. Nbd2 Be6 9. b4 a6 10. a3 Qd7 11. Re1 Rfe8 12. e4 Rad8 13. Bb2 dxe4 14. dxe4 b5 15. c4 bxc4 16. Nxc4 Bxc4 17. Qxc4 Nb8 18. Rac1 Qc8 19. Qe2 Qb7 20. Qc2 Qc8 21. Nd2 Qb7 22. Nc4 Rc8 23. Bh3 Nbd7 24. Rcd1 g5 25. Bf5 Kg7 26. Rd2 Qb5 27. Red1 Qb7 28. Qb1 Rb8 29. Nxd6 cxd6 30. Rxd6 Nb6 31. Qc2 Nc8 32. Rc6 a5 33. Rc7 Qa6 34. Qb3 Re7 35. Bxc8 1-0

[Event "Karl Mala Memorial op 15th"]
[Site "Frankfurt"]
[Date "2012.07.06"]
[Round "3"]
[White "Fischer, Lutz"]
[Black "Kammerer, Peter"]
[Result "0-1"]
[WhiteElo "1660"]
[BlackElo "1933"]
[PlyCount "96"]
[EventDate "2012.07.05"]
[EventType "swiss"]
[EventRounds "7"]
[EventCountry "GER"]
[SourceTitle "CBM 149 Extra"]
[Source "ChessBase"]
[SourceDate "2012.08.24"]
[SourceVersion "1"]
[SourceVersionDate "2012.08.24"]
[SourceQuality "1"]

1. e4 c6 2. d4 d5 3. e5 Bf5 4. Nf3 e6 5. Be3 c5 6. dxc5 Nc6 7. Bb5 Nge7 8. Nd4 Bg6 9. Bg5 Qc7 10. Nf3 a6 11. Ba4 Qa5+ 12. c3 Qxc5 13. Be3 Qa5 14. 0-0 Nf5 15. b4 Nxe3 16. fxe3 Qc7 17. b5 axb5 18. Bxb5 Bc5 19. Nd4 0-0 20. Nd2 Nxe5 21. N2f3 Nxf3+ 22. Rxf3 Bh5 23. Nxe6 fxe6 24. Rxf8+ Rxf8 25. Qxh5 Bxe3+ 26. Kh1 Qxc3 27. Rd1 Bh6 28. Bd7 Qf6 29. Qe2 e5 30. Bh3 d4 31. g3 Be3 32. Rf1 Qe7 33. Bf5 b6 34. Qf3 Kh8 35. Qg2 g6 36. Be4 Rxf1+ 37. Qxf1 Kg7 38. Qb5 Qf6 39. Bg2 Qd6 40. Be4 h5 41. h3 Qc5 42. Qb1 g5 43. Bg6 h4 44. gxh4 gxh4 45. Be4 Kh6 46. Kg2 Qa5 47. Qf1 Qxa2+ 48. Kh1 Qf2 0-1

[Event "Karl Mala Memorial op 14th"]
[Site "Frankfurt"]
[Date "2011.07.09"]
[Round "5"]
[White "Guth, Susanne"]
[Black "Kammerer, Peter"]
[Result "1/2-1/2"]
[WhiteElo "1780"]
[BlackElo "1967"]
[PlyCount "93"]
[EventDate "2011.07.07"]
[EventType "swiss"]
[EventRounds "7"]
[EventCountry "GER"]
[SourceTitle "EXT 2012"]
[Source "ChessBase"]
[SourceDate "2011.11.24"]
[SourceVersion "1"]
[SourceVersionDate "2011.11.24"]
[SourceQuality "1"]

1. e4 c6 2. d4 d5 3. e5 Bf5 4. Nf3 e6 5. Nc3 Bb4 6. Bd2 Ne7 7. Be2 0-0 8. 0-0 Nd7 9. a3 Bxc3 10. Bxc3 c5 11. Nh4 cxd4 12. Bxd4 Qc7 13. Nxf5 Nxf5 14. Bc3 Nxe5 15. Kh1 f6 16. g4 Nd6 17. f4 Nec4 18. Qd3 Kh8 19. b3 Nb6 20. Rad1 Rac8 21. Bb4 Rfd8 22. Qh3 Ne4 23. Bd3 Qc6 24. g5 f5 25. Qf3 Nd7 26. Rc1 Qb6 27. Qg2 a5 28. Be1 Ndc5 29. Bf2 Qd6 30. Bh4 g6 31. Bb5 Nc3 32. Be2 Nxe2 33. Qxe2 Ne4 34. Be1 b6 35. a4 Rc6 36. h4 Rdc8 37. h5 Kg7 38. Rf3 Qc7 39. Qe3 Qd6 40. Qd4+ Kf7 41. hxg6+ Kxg6 42. Rh3 Rg8 43. Rh6+ Kf7 44. Rxh7+ Ke8 45. Rh8 Kf7 46. Rh7+ Ke8 47. Rh8 1/2-1/2

[Event "Karl Mala Memorial op 14th"]
[Site "Frankfurt"]
[Date "2011.07.09"]
[Round "4"]
[White "Kammerer, Peter"]
[Black "Boguslawski, Oleg"]
[Result "0-1"]
[WhiteElo "1967"]
[BlackElo "2493"]
[PlyCount "32"]
[EventDate "2011.07.07"]
[EventType "swiss"]
[EventRounds "7"]
[EventCountry "GER"]
[SourceTitle "EXT 2012"]
[Source "ChessBase"]
[SourceDate "2011.11.24"]
[SourceVersion "1"]
[SourceVersionDate "2011.11.24"]
[SourceQuality "1"]

1. d4 d5 2. c4 c6 3. Nc3 Nf6 4. a4 g6 5. Nf3 Bg7 6. Bf4 0-0 7. e3 Bg4 8. Be2 dxc4 9. Ne5 Bxe2 10. Qxe2 Nh5 11. Bg3 c5 12. Qxc4 cxd4 13. exd4 Nd7 14. Nxd7 Qxd7 15. Rd1 Rac8 16. Qb4 Qe6+ 0-1

[Event "Karl Mala Memorial op 14th"]
[Site "Frankfurt"]
[Date "2011.07.08"]
[Round "2"]
[White "Kaufeld, Juergen"]
[Black "Kammerer, Peter"]
[Result "1-0"]
[WhiteElo "2238"]
[BlackElo "1967"]
[PlyCount "29"]
[EventDate "2011.07.07"]
[EventType "swiss"]
[EventRounds "7"]
[EventCountry "GER"]
[SourceTitle "EXT 2012"]
[Source "ChessBase"]
[SourceDate "2011.11.24"]
[SourceVersion "1"]
[SourceVersionDate "2011.11.24"]
[SourceQuality "1"]

1. e4 c6 2. d4 d5 3. e5 Bf5 4. h4 h6 5. g4 Bh7 6. e6 f6 7. Rh3 g5 8. Bd3 Be4 9. f3 Bxd3 10. Qxd3 Qd6 11. Qg6+ Kd8 12. Qf7 Kc7 13. Qxf8 Qxe6+ 14. Ne2 Rh7 15. hxg5 1-0

[Event "Karl Mala Memorial op 13th"]
[Site "Frankfurt"]
[Date "2010.07.10"]
[Round "4"]
[White "Kammerer, Peter"]
[Black "Hild, Roman"]
[Result "0-1"]
[WhiteElo "1971"]
[BlackElo "1846"]
[PlyCount "142"]
[EventDate "2010.07.08"]
[EventType "swiss"]
[EventRounds "7"]
[EventCountry "GER"]
[SourceTitle "EXT 2012"]
[Source "ChessBase"]
[SourceDate "2011.11.24"]
[SourceVersion "1"]
[SourceVersionDate "2011.11.24"]
[SourceQuality "1"]

1. d4 Nf6 2. c4 e6 3. Nc3 d5 4. Bg5 Be7 5. Bxf6 Bxf6 6. e3 0-0 7. Nf3 b6 8. Bd3 Bb7 9. cxd5 exd5 10. Rc1 c5 11. 0-0 g6 12. Ne2 Qd6 13. Ng3 Nc6 14. Ne2 cxd4 15. Nexd4 Nxd4 16. Nxd4 Bxd4 17. exd4 Qb4 18. Rc7 Bc8 19. Re1 Be6 20. b3 Qxd4 21. Qb1 Qf4 22. Rcc1 Rac8 23. Rcd1 Rc3 24. Ba6 Bf5 25. Qb2 Rc2 26. Qd4 Qxd4 27. Rxd4 Rxa2 28. Bb7 Be6 29. Bxd5 Bxd5 30. Rxd5 Rb2 31. Rd3 Rc8 32. g3 Rc7 33. h4 Kg7 34. Rf3 Rbc2 35. Ree3 Rc1+ 36. Kg2 Rb1 37. Rd3 Re1 38. Rd2 Rec1 39. Rdd3 b5 40. Rd5 R1c5 41. Rdd3 b4 42. Kf1 a5 43. Ke2 Rc2+ 44. Rd2 R2c3 45. Rdd3 Rc2+ 46. Rd2 Rxd2+ 47. Kxd2 f5 48. h5 Kf6 49. hxg6 hxg6 50. Rd3 Ke6 51. Re3+ Kd5 52. f3 Kd4 53. Rd3+ Kc5 54. Re3 Kb5 55. f4 Rd7+ 56. Kc2 Kc5 57. Re6 Rd6 58. Re3 Kb6 59. Rf3 Rc6+ 60. Kd2 a4 61. bxa4 Ka5 62. Re3 Kxa4 63. Rd3 b3 64. Rd8 Ka3 65. Rd7 Kb2 66. Rd3 Rc2+ 67. Kd1 Rc1+ 68. Kd2 Rc2+ 69. Kd1 Rc3 70. Rd2+ Kb1 71. Rg2 Rc2 0-1

[Event "Karl Mala Memorial op 13th"]
[Site "Frankfurt"]
[Date "2010.07.09"]
[Round "2"]
[White "Kammerer, Peter"]
[Black "Uwira, Oliver"]
[Result "0-1"]
[WhiteElo "1971"]
[BlackElo "2248"]
[PlyCount "70"]
[EventDate "2010.07.08"]
[EventType "swiss"]
[EventRounds "7"]
[EventCountry "GER"]
[SourceTitle "EXT 2012"]
[Source "ChessBase"]
[SourceDate "2011.11.24"]
[SourceVersion "1"]
[SourceVersionDate "2011.11.24"]
[SourceQuality "1"]

1. d4 Nf6 2. Nf3 e6 3. c4 c5 4. d5 exd5 5. cxd5 d6 6. Nc3 g6 7. e4 Bg7 8. Bd3 0-0 9. 0-0 a6 10. a4 Bg4 11. a5 Nbd7 12. Bf4 Qc7 13. h3 Bxf3 14. Qxf3 Rfe8 15. Rfe1 Nh5 16. Bh2 Be5 17. g3 Rac8 18. Bc2 c4 19. Ba4 Rf8 20. Bxd7 Qxd7 21. Kg2 Rc5 22. Qe2 Re8 23. Qd2 Nf6 24. Qc2 Qd8 25. Ne2 Rb5 26. Reb1 Nd7 27. f4 Bg7 28. Bg1 Nc5 29. Bxc5 Rxc5 30. Ra4 Qe7 31. e5 dxe5 32. Rxc4 Rxd5 33. b4 Qd8 34. Rc1 Rd2 35. Qe4 exf4 0-1

[Event "Karl Mala Memorial op 12th"]
[Site "Frankfurt"]
[Date "2009.07.19"]
[Round "7"]
[White "Hild, Roman"]
[Black "Kammerer, Peter"]
[Result "1-0"]
[WhiteElo "1712"]
[BlackElo "1970"]
[PlyCount "147"]
[EventDate "2009.07.16"]
[EventType "swiss"]
[EventRounds "7"]
[EventCountry "GER"]
[SourceTitle "EXT 2010"]
[Source "ChessBase"]
[SourceDate "2010.11.25"]
[SourceVersion "1"]
[SourceVersionDate "2010.11.25"]
[SourceQuality "1"]

1. Nf3 Nf6 2. d3 d5 3. Nbd2 c5 4. e4 dxe4 5. dxe4 Bg4 6. Bb5+ Nc6 7. Bxc6+ bxc6 8. 0-0 e6 9. Qe2 Be7 10. Rd1 Qc7 11. Nf1 0-0 12. Ng3 Rfd8 13. Be3 Nd7 14. h3 Bxf3 15. Qxf3 Bf6 16. c3 Ne5 17. Qe2 c4 18. f4 Nd3 19. e5 Bh4 20. Ne4 Be7 21. b3 Rd7 22. bxc4 Rad8 23. Nd6 Bxd6 24. Rxd3 Bc5 25. Rad1 Rxd3 26. Rxd3 Rxd3 27. Qxd3 Bxe3+ 28. Qxe3 Qb6 29. Qxb6 axb6 30. c5 b5 31. Kf2 Kf8 32. Ke3 Ke7 33. Kd3 Kd7 34. c4 bxc4+ 35. Kxc4 Kc7 36. f5 Kb7 37. Kd4 Ka6 38. f6 g6 39. Kc4 h5 40. Kb4 Kb7 41. Kc4 Ka6 42. Kb4 Kb7 43. h4 Ka6 44. g3 Kb7 45. a3 Ka6 46. a4 Kb7 47. Kc4 Ka6 48. Kd4 Ka5 49. Ke4 Kb4 50. Kf4 Kxc5 51. Kg5 Kd5 52. Kh6 c5 53. Kg7 c4 54. Kxf7 c3 55. Kxg6 c2 56. f7 c1Q 57. f8Q Qc2+ 58. Kxh5 Kxe5 59. Qb8+ Kf6 60. Qd8+ Ke5 61. Qh8+ Kd6 62. Qb8+ Ke7 63. Qb7+ Kf6 64. Qf3+ Ke7 65. g4 Qxa4 66. g5 Qe8+ 67. g6 Qh8+ 68. Kg4 Qd4+ 69. Qf4 Qd1+ 70. Kg5 Qd5+ 71. Kh6 Qc6 72. Qf7+ Kd8 73. Qf6+ Kc7 74. g7 1-0

[Event "Karl Mala Memorial op 12th"]
[Site "Frankfurt"]
[Date "2009.07.19"]
[Round "6"]
[White "Kammerer, Peter"]
[Black "Reichel, Rolf"]
[Result "1/2-1/2"]
[WhiteElo "1970"]
[BlackElo "1705"]
[PlyCount "104"]
[EventDate "2009.07.16"]
[EventType "swiss"]
[EventRounds "7"]
[EventCountry "GER"]
[SourceTitle "EXT 2010"]
[Source "ChessBase"]
[SourceDate "2010.11.25"]
[SourceVersion "1"]
[SourceVersionDate "2010.11.25"]
[SourceQuality "1"]

1. d4 d5 2. c4 c6 3. Nf3 Bg4 4. Nc3 Nf6 5. h3 Bh5 6. Bf4 e6 7. e3 Bd6 8. Bxd6 Qxd6 9. Qb3 Qe7 10. cxd5 Bxf3 11. gxf3 exd5 12. Bd3 0-0 13. 0-0-0 a5 14. e4 Qb4 15. Qc2 Qxd4 16. Kb1 Na6 17. exd5 Qf4 18. a3 b5 19. Rhg1 b4 20. Ne4 Nxe4 21. Bxe4 g6 22. Rg4 Qf6 23. Qxc6 Qxc6 24. dxc6 bxa3 25. c7 Ra7 26. bxa3 Rxc7 27. Bd5 Rb8+ 28. Ka1 Rc3 29. Ka2 Kg7 30. Rc4 Rxc4 31. Bxc4 Nc5 32. Rd6 Na4 33. Bd3 Rb2+ 34. Ka1 Rxf2 35. Rd4 Nc3 36. Bc4 Rxf3 37. Rd3 Rxd3 38. Bxd3 f5 39. Kb2 Nd5 40. Kb3 Nb6 41. Kc3 Kf6 42. Kd4 h5 43. Kc5 Nd7+ 44. Kb5 a4 45. Bc2 Ke5 46. Kxa4 Kd4 47. Kb5 f4 48. Bd1 Nc5 49. h4 Ne4 50. Kb4 Nc3 51. Bf3 Nd5+ 52. Kb5 Nc3+ 1/2-1/2

[Event "Karl Mala Memorial op 12th"]
[Site "Frankfurt"]
[Date "2009.07.17"]
[Round "2"]
[White "Kammerer, Peter"]
[Black "Prudlo, Simon"]
[Result "1/2-1/2"]
[WhiteElo "1970"]
[BlackElo "2247"]
[PlyCount "80"]
[EventDate "2009.07.16"]
[EventType "swiss"]
[EventRounds "7"]
[EventCountry "GER"]
[SourceTitle "EXT 2010"]
[Source "ChessBase"]
[SourceDate "2010.11.25"]
[SourceVersion "1"]
[SourceVersionDate "2010.11.25"]
[SourceQuality "1"]

1. d4 Nf6 2. c4 g6 3. Nc3 Bg7 4. e4 d6 5. f3 0-0 6. Be3 Nbd7 7. Nge2 c5 8. Ng3 cxd4 9. Bxd4 Nc5 10. Be2 a5 11. 0-0 Ne6 12. Be3 Bd7 13. Rb1 Bc6 14. Nd5 Nd7 15. a3 a4 16. f4 Nec5 17. Bf3 Nb3 18. Ne2 Ndc5 19. Nd4 Bxd5 20. cxd5 Nxd4 21. Bxd4 Bxd4+ 22. Qxd4 Nb3 23. Qb4 Qa5 24. Qxa5 Rxa5 25. Rf2 Rfa8 26. Rc2 Nc5 27. Rd1 Rb5 28. Rd4 Rb3 29. Be2 Re3 30. e5 dxe5 31. fxe5 Nb3 32. Rb4 Rxe5 33. Bf3 b5 34. Re2 Rxe2 35. Bxe2 Rd8 36. Bxb5 Rxd5 37. Bxa4 Nc5 38. Bb5 Rd2 39. h3 e5 40. a4 e4 1/2-1/2

[Event "Rhein Main op 12th"]
[Site "Bad Homburg"]
[Date "2009.06.11"]
[Round "2"]
[White "Kammerer, Peter"]
[Black "Linke, Michael"]
[Result "1-0"]
[WhiteElo "1975"]
[BlackElo "1679"]
[PlyCount "55"]
[EventDate "2009.06.10"]
[EventType "swiss"]
[EventRounds "7"]
[EventCountry "GER"]
[SourceTitle "CBM 131 Extra"]
[Source "ChessBase"]
[SourceDate "2009.09.03"]
[SourceVersion "2"]
[SourceVersionDate "2009.09.16"]
[SourceQuality "1"]

1. d4 Nf6 2. Nf3 g6 3. c4 Bg7 4. Nc3 0-0 5. e4 d6 6. Be2 e5 7. dxe5 dxe5 8. 0-0 c6 9. Qc2 Qc7 10. Rd1 h6 11. b3 Na6 12. Ba3 Be6 13. Bxf8 Bxf8 14. a3 Be7 15. b4 Kg7 16. c5 Nh5 17. g3 Bg4 18. Nd2 Be6 19. Nc4 b6 20. cxb6 axb6 21. h4 Nf6 22. Rd2 Ne8 23. Rad1 f5 24. exf5 gxf5 25. Ne3 Kf6 26. Bd3 Nd6 27. Bxa6 Rxa6 28. Ncd5+ 1-0

[Event "Rhein Main op 12th"]
[Site "Bad Homburg"]
[Date "2009.06.11"]
[Round "3"]
[White "Weil, Michael"]
[Black "Kammerer, Peter"]
[Result "1-0"]
[WhiteElo "2140"]
[BlackElo "1975"]
[PlyCount "53"]
[EventDate "2009.06.10"]
[EventType "swiss"]
[EventRounds "7"]
[EventCountry "GER"]
[SourceTitle "CBM 131 Extra"]
[Source "ChessBase"]
[SourceDate "2009.09.03"]
[SourceVersion "2"]
[SourceVersionDate "2009.09.16"]
[SourceQuality "1"]

1. d4 Nf6 2. Nf3 e6 3. Bg5 d5 4. c3 Be7 5. Nbd2 0-0 6. e3 Nbd7 7. Bd3 h6 8. Bh4 Ne8 9. Bxe7 Qxe7 10. 0-0 Nef6 11. Ne5 c5 12. f4 b6 13. Qf3 Bb7 14. g4 Ne4 15. Nxe4 dxe4 16. Bxe4 Nxe5 17. fxe5 Bxe4 18. Qxe4 Rad8 19. Rf2 h5 20. gxh5 Qg5+ 21. Kh1 Qxh5 22. Rg1 Qh7 23. Qg4 g6 24. Rg3 Rde8 25. Rf4 Qh6 26. Rh3 Qg7 27. Qg5 1-0

[Event "Rhein Main op 12th"]
[Site "Bad Homburg"]
[Date "2009.06.10"]
[Round "1"]
[White "Wassen, Antoine"]
[Black "Kammerer, Peter"]
[Result "1/2-1/2"]
[WhiteElo "1492"]
[BlackElo "1975"]
[PlyCount "128"]
[EventDate "2009.06.10"]
[EventType "swiss"]
[EventRounds "7"]
[EventCountry "GER"]
[SourceTitle "CBM 131 Extra"]
[Source "ChessBase"]
[SourceDate "2009.09.03"]
[SourceVersion "2"]
[SourceVersionDate "2009.09.16"]
[SourceQuality "1"]

1. d4 Nf6 2. c4 e6 3. Nc3 c5 4. e3 cxd4 5. exd4 d5 6. Nf3 Nc6 7. Bg5 Be7 8. Bd3 a6 9. cxd5 Nxd5 10. Bxe7 Ndxe7 11. 0-0 Ng6 12. Re1 0-0 13. Bc2 b6 14. Bb3 Bb7 15. d5 exd5 16. Bxd5 Na5 17. Bxb7 Nxb7 18. Qc2 Rc8 19. Rad1 Qf6 20. Qa4 Nc5 21. Qd4 Qxd4 22. Rxd4 b5 23. Rd6 b4 24. Ne4 a5 25. Nxc5 Rxc5 26. Red1 h6 27. g3 Rc2 28. R6d2 Rfc8 29. Nd4 Rxd2 30. Rxd2 Ne5 31. Re2 f6 32. b3 Rd8 33. Nf5 g6 34. Ne3 g5 35. Kg2 h5 36. h3 Kf7 37. Rc2 Nd3 38. Rc7+ Ke6 39. Ra7 Ke5 40. Rxa5+ Ke4 41. Nc2 Ne5 42. Nxb4 Rd1 43. Ra4 Kf5 44. Nc2 Rd2 45. Nd4+ Kg6 46. Nf3 Nxf3 47. Kxf3 f5 48. b4 Rd3+ 49. Kg2 f4 50. gxf4 gxf4 51. Ra5 h4 52. Ra6+ Kf5 53. b5 f3+ 54. Kh2 Rd2 55. Ra8 Rxf2+ 56. Kg1 Rg2+ 57. Kf1 Rb2 58. a4 Kf4 59. Rf8+ Kg3 60. Rg8+ Kxh3 61. Rg6 Rg2 62. Rf6 Kg3 63. Rg6+ Kh2 64. Rf6 Kg3 1/2-1/2

[Event "Karl Mala Memorial op 11th"]
[Site "Frankfurt"]
[Date "2008.06.29"]
[Round "6"]
[White "Kammerer, Peter"]
[Black "Reuter, Klaus"]
[Result "1-0"]
[WhiteElo "1991"]
[BlackElo "1378"]
[PlyCount "55"]
[EventDate "2008.06.26"]
[EventType "swiss"]
[EventRounds "7"]
[EventCountry "GER"]
[SourceTitle "CBM 125 Extra"]
[Source "ChessBase"]
[SourceDate "2008.09.01"]
[SourceVersion "1"]
[SourceVersionDate "2008.09.01"]
[SourceQuality "1"]

1. d4 Nf6 2. c4 e5 3. dxe5 Ng4 4. Nf3 Bc5 5. e3 Nc6 6. a3 Ngxe5 7. Nxe5 Nxe5 8. b4 Be7 9. Bb2 Bf6 10. Nc3 Ng6 11. Be2 0-0 12. 0-0 c6 13. Qc2 Bxc3 14. Bxc3 Qg5 15. f4 Qe7 16. e4 Re8 17. Bd3 d6 18. Rae1 Qh4 19. Qf2 Qxf2+ 20. Rxf2 Bd7 21. Bc2 Re7 22. Rd1 b5 23. Rxd6 bxc4 24. f5 Nf8 25. Bxg7 Be8 26. Rf3 Kxg7 27. f6+ Kh8 28. fxe7 1-0

[Event "Karl Mala Memorial op 09th"]
[Site "Frankfurt"]
[Date "2005.07.31"]
[Round "6"]
[White "Kammerer, Peter"]
[Black "Stock, Juergen"]
[Result "1/2-1/2"]
[WhiteElo "2005"]
[BlackElo "2065"]
[PlyCount "88"]
[EventDate "2005.07.28"]
[EventType "swiss"]
[EventRounds "7"]
[EventCountry "GER"]
[SourceTitle "EXT 2006"]
[Source "ChessBase"]
[SourceDate "2005.11.24"]
[SourceVersion "1"]
[SourceVersionDate "2005.11.24"]
[SourceQuality "1"]

1. d4 e6 2. c4 f5 3. Nc3 d5 4. cxd5 exd5 5. g3 c6 6. Bg2 Bd6 7. Nf3 Nf6 8. Ne5 0-0 9. f4 Nbd7 10. e3 Ne4 11. 0-0 Rf6 12. Nxe4 fxe4 13. Qb3 Kf8 14. Bd2 a5 15. a4 Rh6 16. Bxe4 Nf6 17. Bf3 Qe8 18. Qd1 Kg8 19. b3 Qe6 20. f5 Qe8 21. Ng4 Nxg4 22. Bxg4 Qe4 23. Qf3 Qc2 24. Rf2 Qxb3 25. Qe2 Rf6 26. e4 dxe4 27. Qxe4 Bd7 28. Bd1 Qf7 29. Rb1 Re8 30. Qd3 Bxf5 31. Rxf5 Rxf5 32. Bb3 Rd5 33. Rf1 Qh5 34. Qf5 Qxf5 35. Rxf5 Bb4 36. Bxb4 axb4 37. Bxd5+ cxd5 38. Rxd5 Rc8 39. Rb5 Rc4 40. d5 Rd4 41. a5 b3 42. Rxb7 Rxd5 43. a6 Ra5 44. a7 b2 1/2-1/2

[Event "Karl Mala Memorial op 09th"]
[Site "Frankfurt"]
[Date "2005.07.30"]
[Round "4"]
[White "Kammerer, Peter"]
[Black "Nitz, Sascha"]
[Result "0-1"]
[WhiteElo "2005"]
[BlackElo "1700"]
[PlyCount "50"]
[EventDate "2005.07.28"]
[EventType "swiss"]
[EventRounds "7"]
[EventCountry "GER"]
[SourceTitle "EXT 2006"]
[Source "ChessBase"]
[SourceDate "2005.11.24"]
[SourceVersion "1"]
[SourceVersionDate "2005.11.24"]
[SourceQuality "1"]

1. d4 d5 2. c4 c6 3. Nc3 Nf6 4. Nf3 a6 5. cxd5 cxd5 6. Bf4 Nc6 7. e3 Bg4 8. Be2 e6 9. 0-0 Bd6 10. Ne5 Bxe2 11. Qxe2 Rc8 12. Rac1 0-0 13. Rfd1 Bxe5 14. Bxe5 Nxe5 15. dxe5 Nd7 16. f4 f6 17. exf6 Nxf6 18. Kh1 Qc7 19. Rc2 Qc4 20. Qf3 Rc6 21. Rcd2 Re8 22. h3 Qb4 23. a3 Qb3 24. Qf2 Rxc3 25. bxc3 Ne4 0-1

[Event "Rhein Main op 07th"]
[Site "Bad Homburg"]
[Date "2004.06.10"]
[Round "3.22"]
[White "Kammerer, Peter"]
[Black "Schmitt, Hans Walter"]
[Result "1/2-1/2"]
[WhiteElo "1708"]
[BlackElo "1985"]
[PlyCount "62"]
[EventDate "2004.06.09"]
[EventType "swiss"]
[EventRounds "7"]
[EventCountry "GER"]
[SourceTitle "CBM 100 Extra"]
[Source "ChessBase"]
[SourceDate "2004.07.06"]
[SourceVersion "2"]
[SourceVersionDate "2004.07.06"]
[SourceQuality "1"]

1. d4 Nf6 2. Nf3 d5 3. c4 c6 4. Nc3 e6 5. e3 Bd6 6. c5 Bc7 7. Bd3 Nbd7 8. b4 e5 9. dxe5 Nxe5 10. Nxe5 Bxe5 11. Bb2 Qe7 12. Be2 Bf5 13. Na4 0-0 14. Bxe5 Qxe5 15. 0-0 Rfe8 16. Bf3 Rad8 17. Qd4 Qc7 18. Qh4 Be4 19. Qg3 Qe7 20. Nc3 Bxf3 21. Qxf3 d4 22. exd4 Rxd4 23. a3 Qe5 24. h3 h6 25. Rad1 Rc4 26. Rd3 Ne4 27. Nxe4 Rxe4 28. Rfd1 Qc7 29. g3 Re1+ 30. Kg2 Rxd1 31. Rxd1 Qe7 1/2-1/2